Estudio histórico de la vida y escritos del sabio médico español del siglo XVI Nicolás Monardes / (Record no. 160987)

MARC details
000 -LEADER
campo de control de longitud fija 00986nam a2200205 i 4500
001 - NÚMERO DE CONTROL
campo de control 160987
003 - IDENTIFICADOR DE NÚMERO DE CONTROL
campo de control ES-MaACL
005 - FECHA Y HORA DE LA ÚLTIMA TRANSACCIÓN
campo de control 20230906212153.0
008 - DATOS DE LONGITUD FIJA--INFORMACIÓN GENERAL
campo de control de longitud fija 980331s1897 sp a |||| |bspa d
080 ## - NÚMERO DE LA CLASIFICACIÓN DECIMAL UNIVERSAL
Número de la Clasificación Decimal Universal 929:61 Monardes, Nicolás
100 1# - ENTRADA PRINCIPAL--NOMBRE DE PERSONA
Nombre de persona Olmedilla y Puig, Joaquín,
Fechas asociadas al nombre 1842-1914
9 (RLIN) 86949
245 10 - MENCIÓN DEL TÍTULO
Título Estudio histórico de la vida y escritos del sabio médico español del siglo XVI Nicolás Monardes /
Mención de responsabilidad, etc. por Joaquín Olmedilla y Puig.
260 ## - PUBLICACIÓN, DISTRIBUCIÓN, ETC.
Lugar de publicación, distribución, etc. Madrid :
Nombre del editor, distribuidor, etc. [s.n.],
Fecha de publicación, distribución, etc. 1897 (
Fabricante Imp. de los hijos de M.G. Hernández)
300 ## - DESCRIPCIÓN FÍSICA
Extensión 110 p. :
Otras características físicas il. ;
Dimensiones 22 cm.
530 ## - NOTA DISPONIBLE DE FORMULARIO FÍSICO ADICIONAL
Nota de formato físico adicional disponible Disponible en formato digital.
600 14 - PUNTO DE ACCESO ADICIONAL DE MATERIA--NOMBRE DE PERSONA
Nombre de persona Monardes, Nicolás.
9 (RLIN) 82104
852 ## - LOCALIZACIÓN
Ubicación ES-MaACL
Número de control de estantería T-1379-F-2
Nota libre - Enc. hol. conservando cub. original
-- . - Dedicatoria autógrafa del autor
-- - Enc. en un vol. facticio
856 ## - LOCALIZACIÓN Y ACCESO ELECTRÓNICOS
Identificador Uniforme de Recursos <a href="http://bibliotecadigitalhispanica.bne.es:80/webclient/DeliveryManager?pid=3278180&custom_att_2=simple_viewer">http://bibliotecadigitalhispanica.bne.es:80/webclient/DeliveryManager?pid=3278180&custom_att_2=simple_viewer</a>
Nota pública Biblioteca Digital Hispánica
Holdings
Estatus retirado Estado de pérdida Fuente del sistema de clasificación o colocación Estado de daño No para préstamo Colección Biblioteca de origen Biblioteca actual Ubicación en estantería Fecha de adquisición Total de préstamos Signatura topográfica completa Código de barras Visto por última vez Precio de reemplazo Tipo de ítem Koha Nota pública
    Clasificación decimal universal     Colección de folletos Biblioteca del Ateneo de Madrid Biblioteca del Ateneo de Madrid Depósito folletos 17/01/2008   T-1379-F-2 1168599 23/02/2023 23/02/2023 Folleto Dedicatoria autógrafa del autor